| 000 | 00548cam a2200157 4500 | ||
|---|---|---|---|
| 001 | 4803 | ||
| 005 | 20181127174142.0 | ||
| 008 | 110509s2010 xna b 000 0 eng d | ||
| 010 | _a 2011381660 | ||
| 245 | 1 | 4 |
_aACT 203 accounting for managers II : _bCoursepack fall 2015 / _cCompiled by Tshering Pemo. |
| 260 |
_a[Thimphu] : _bRoyal Thimphu College, _c[2015]. |
||
| 500 | _aACT 203 : Accounting for Managers II Coursepack fall 2015 | ||
| 500 | _aXerographic copy in a binder. | ||
| 520 | _aBachelor of Commerce: Accounting | ||
| 650 | 0 |
_aAccounting. _x _v |
|
| 999 |
_c3987 _d3987 |
||